00721nam a2200205 a 450000100100000000500170001000800410002702000150006804000250008308200130010810000290012124500640015026000370021430000210025149000190027250000700029183000260036195201110038799900170049800004279920201002040415.0140210s1994 sp 000 0 spa d a8440644973 aDO-SdBNPbspacBNPHU axxxbxxx1 aZamora, Francisco97014210aCómo ser negro y no morir en Aravaca /cFrancisco Zamora. aBarcelona :bEdiciones B,c1994. a172 p. ;c22 cm.1 aDolce vitav65 aIncluye datos biográficos del autor en la solapa de la cubierta 0aDolce vitan65970143 001050718MOaGRbGRcCTd2014-02-10iLF1l0oxxx xxxp42799-10r2020-06-25w2020-06-25y1ZNo se presta c42288d42288